Appareil de navigation dans Pokémon - Statistiques

Statistiques générales
  • Ce quiz a été pris 48 fois
    34 depuis la dernière actualisation
  • Le résultat moyen est 4 sur 7
Statistiques - réponses
Région Image Appareil % Correct
Alola Motisma-Dex
83%
Galar / Paldea Motismart
83%
Sinnoh Pokémontre
72%
Hoenn PokéNav
62%
Johto Pokématos
48%
Unys C-Gear
24%
Kalos Player Search System
17%
Aucun quiz correspondant
Distribution des résultats
% des personnes avec chaque résultat
Percentile par nombre de réponses
Votre historique - résultats
Vous n’avez pas pris ce quiz depuis la dernière actualisation